[Event "Ostrava Konik op"]
[Site "Ostrava"]
[Date "2014.04.29"]
[Round "4"]
[White "Koki, Jan"]
[Black "Frank, Martin"]
[Result "1-0"]
[WhiteElo "1595"]
[BlackElo "1100"]
[PlyCount "59"]
[EventDate "2014.04.26"]
[EventType "swiss"]
[EventRounds "9"]
[EventCountry "CZE"]
[SourceTitle "CBM 160 Extra"]
[Source "ChessBase"]
[SourceDate "2014.07.01"]
[SourceVersion "1"]
[SourceVersionDate "2014.07.01"]
[SourceQuality "1"]

1. e4 e5 2. Nf3 Nc6 3. a3 Bc5 4. Nc3 a6 5. b4 Ba7 6. Bb2 d6 7. h3 Nf6 8. Bc4 Be6 9. Bxe6 fxe6 10. d3 d5 11. exd5 exd5 12. 0-0 0-0 13. Re1 Qd6 14. b5 Nd4 15. Nxd4 Bxd4 16. Re2 Rae8 17. bxa6 bxa6 18. Qf1 Nh5 19. Qe1 Rf5 20. Nb5 Qg6 21. Nxd4 Nf4 22. Qf1 Nxe2+ 23. Nxe2 Ref8 24. f4 exf4 25. Qf3 Re5 26. Bxe5 Re8 27. Qxd5+ Kh8 28. Nxf4 Qb6+ 29. d4 c6 30. Qd7 1-0

[Event "AUT-chT2O 0506"]
[Site "Austria"]
[Date "2006.02.25"]
[Round "8.5"]
[White "Niederwieser, Peter"]
[Black "Frank, Martin"]
[Result "1-0"]
[WhiteElo "2172"]
[BlackElo "2058"]
[PlyCount "75"]
[EventDate "2005.11.19"]
[EventType "team"]
[EventRounds "11"]
[EventCountry "AUT"]
[SourceTitle "EXT 2006"]
[Source "ChessBase"]
[SourceDate "2005.11.24"]
[SourceVersion "1"]
[SourceVersionDate "2005.11.24"]
[SourceQuality "1"]
[WhiteTeam "Waehring"]
[BlackTeam "Donau"]
[WhiteTeamCountry "AUT"]
[BlackTeamCountry "AUT"]

1. d4 f5 2. g3 Nf6 3. Bg2 g6 4. c4 d6 5. Nc3 Bg7 6. Nh3 0-0 7. Bg5 h6 8. Bxf6 Bxf6 9. Nf4 Kh7 10. Qb3 c6 11. 0-0-0 Qb6 12. Qa3 Na6 13. e4 Qb4 14. Qxb4 Nxb4 15. a3 Na6 16. Rhe1 Nc7 17. h4 Ne6 18. Nxg6 Kxg6 19. exf5+ Kf7 20. fxe6+ Bxe6 21. d5 Bd7 22. Re3 c5 23. Rde1 Rae8 24. Bf3 Kg6 25. Ne2 Be5 26. Be4+ Kg7 27. f4 Bf6 28. Bf3 Kg6 29. h5+ Kg7 30. Be4 b5 31. Bg6 Rb8 32. Nc3 Rb7 33. Rxe7+ Bxe7 34. Rxe7+ Kf6 35. Rh7 Bf5 36. Rxb7 Bxg6 37. hxg6 Kxg6 38. Nxb5 1-0